{"text_format":"3","workbook":"xls","n_sheets":3,"sheets":["Sheet1","Sheet2","Sheet3"],"read":"whole","date_system":"1900","formulas":"cached_only"}

{"sheet":"Sheet1","index":0,"n_rows":17,"n_cols":9,"rows_kept":17,"merged":[[0,0,0,8],[1,0,1,8],[16,2,16,4]],"flags":["formulas_cached_only"]}
["语言中心监控设备报价清单"]
["                                                                                                单位：元"]
["序号","设备名称","品牌","设备型号","技术参数","单位","数量","单价","总价"]
[1,"200万红外半球","浙江大华","DH-IPC-HDBW5250R-Z","DH-IPC-HDBW5250R-Z，采用超低照度1080P(1920×1080)CMOS图像传感器，低照度效果好，图像清晰度高；支持电动变焦，镜头焦距：2.8mm～12mm；支持感兴趣区域(ROI）编码，保证有用图像质量，节省存储空间；支持三码流同时输出，ACF（活动帧率控制），支持手机监控；支持走廊模式，应用更灵活；支持智能红外，红外监控距离≥30米；支持DC12V/POE供电方式。\n","个",39,640,24960]
[2,"200万红外枪及","浙江大华","DH-IPC-HFW5250R-VF","DH-IPC-HFW5250R-VF采用超低照度1080P(1920*1080)CMOS图像传感器，镜头焦距：2.8mm～12mm；DH-IPC-HFW5250R-VF支持感兴趣区域(ROI）编码，保证有用图像质量，节省存储空间；支持手机监控；支持走廊模式，应用更灵活；支持智能红外，红外监控距离≥60米；支持宽动态，3D降噪、强光抑制、背光补偿，适用不同监控环境； ICR滤光片切换功能，实现24小时监控；支持DC12V/POE供电方式","个",8,590,4720]
[3,"监控硬盘","浙江大华","ST3000VX000","3000G/7200RPM/128M/SAS/","块",8,790,6320]
[4,"硬盘录像机","浙江大华","DH-NVR608-32-4K","嵌入式Linux实时操作系统,视频输入32路，前置 8 个SATA接口，支持直接抽拉式安装 8 个硬盘，支持2TB、3TB、4TB、6TB硬盘，1个外置eSATA接口，4个外置USB 接口，其中3个USB2.0, 1个USB3.0（后置），2个RJ45 10/100/1000Mbps自适应以太网口，1路VGA输出；2路HDMI输出，支持双4K异源输出","台",2,2700,5400]
[5,"控制电脑","联想启天","启天M4550-N090","\n英特尔CPU/i5-4160（3.6G） / 硬盘1TSATAII / 4G DDRIII 1600/ 主板H81 PCI ivy/ DVD//1G独立显卡/集成千兆网卡/防水功能键盘/ USB光电鼠标/电源不高于310W /PS2*2/  USB接口：≥6个（其中至少2个接口前置，前置USB接口分离放置，互不干涉）/机箱体积小巧，不大于20L，主机顶置开关/ F2014 19.5LED，DVI+VGA接口，屏幕16:10，\n","台",1,4700,4700]
[6,"显示设备","大华","46寸拼接屏DHL460UTS-E","屏幕尺寸46寸，LED光源；\n★分辨率：1920×1080，双边拼缝≦5.5mm，水平可视角度≧178°，垂直可视角度≧178°，响应时间≦8ms，功耗≦110W；（提供权威机构出具的检测报告复印件加盖原厂商公章）（逐条体现）；\n★亮度不低于500cd/m2，对比度不低于3500:1，色彩还原≧16.7M；（提供公安部有效检测报告复印件加盖原厂公章）\n★图像显示清晰度≥1000线；（提供公安部有效检测报告复印件加盖原厂公章）\n★亮度等级≥11级；（提供公安部有效检测报告复印件加盖原厂公章）\n★整机单元待机功耗≤1W；（提供权威机构出具的检测报告复印件加盖原厂商公章）\n输入接口支持VGA、CVBS、DVI-D、HDMI、SDI、HDCVI、RS232、RJ45网络解码；输出接口支持CVBS、RS232；\n★支持同轴高清视频信号；\n具有数字降噪、自动显示格式匹配、手动白平衡调节等功能；（提供公安部有效检测报告复印件加盖原厂公章）\n★内嵌网络解码模块，支持IPC、DVR、NVR的监控视频流接入并解码显示；（提供权威机构出具的检测报告复印件加盖原厂商公章）\n支持图像冻结功能，可以通过遥控器随时冻结或者解除冻结当前显示内容；（提供权威机构出具的检测报告复印件加盖原厂商公章）\n★具备内置3D降噪和视频增强、透雾增强、低照度增强功能，请说明原理；（提供权威机构出具的检测报告复印件加盖原厂商公章）\n具备温控系统，图像边缘修复技术，请说明原理；（提供权威机构出具的检测报告复印件加盖原厂商公章）\n★具备智能光控，根据环境光智能调整整体拼接墙的亮度，请说明原理；（提供权威机构出具的检测报告复印件加盖原厂商公章）\n★显示单元具备3C、CB认证证书；（提供中国质量认证中心出具的证书复印件加盖原厂商公章）\n★显示单元具备CE、FCC、ROHS认证证书；（提供权威机构出具的证书复印件加盖原厂商公章）\n★具备中国节能产品认证证书；（提供中国质量认证中心出具的证书复印件加盖原厂商公章）\n★显示单元入选第十五期节能产品政府采购清单，提供采购清单复印件加盖原厂商公章；\n★显示单元需是中国能效标识网备案产品，提供中国能效标识网截图；\n★显示单元平均无故障工作时间MTBF≧80000小时；（提供权威机构出具的检测报告复印件加盖原厂商公章）\n★面板为韩国三星原装进口工业级DID液晶面板；（提供上海三星半导体有限公司出具的有效授权证明复印件加盖原厂商公章）\n★提供三星液晶面板进口报关单；★为保证与原有安全监控设备无缝连接，本次投标设备需与现有数字监控设备为同一品牌\n★拼接单元采用积木式堆叠方式，积木式支架采用黑色铝型材，轻便美观，利于装拆和售后维护，提供拼接单元专利证书；\n★考虑系统兼容稳定性，显示单元必须与图像拼接控制器、控制软件采用同一厂家产品；（提供设备3C证明及软件著作权证明）","块",4,9400,37600]
[7,"挂件","大华","DS-DZ-460","投影单元挂件采用高强度钢材或铝合金材料，外层涂有绝缘喷塑材料，涂层表面平滑、喷涂均匀、色调一致，颜色与单元箱体颜色保持一致。","套",4,2000,8000]
[8,"高清解码器","大华","DH-NVS0904D","9路网络高清视频解码器\n★支持9路视频接口（VGA、HDMI各9路，★支持报警联动接口，★支持千兆网络接口（检测报告体现）\n支持MPEG4/H.264/MJPEG视频编码格式，支持PCM/G.711音频编码格式，支持真正的全高清显示，支持1920×1080,1280×1024和1280×720三种显示分辨率，支持WEB GUI管理界面，可通过WEB页面轻松完成设置和控制，支持前面板按键，键盘控制，支持语音对讲输入输出（BNC接口），★最大支持48路704× 576(码率 2Mbps、25fps)解码能力，可兼容500万像素以下清晰度解码（检测报告体现），★支持主动模式连接和被动模式连接（检测报告体现），★支持解码轮巡（每解码通道可轮巡32路图像）（检测报告体现），★支持3*3以下所有模式拼接屏功能（检测报告体现），★支持远程回放功能（检测报告体现），★支持485控制信号转发（检测报告体现），★支持报警联动功能（检测报告体现）\n★支持运行状态自检和故障自动恢复功能（检测报告体现），★设备具有防偶死机的措施（检测报告体现），★设备具有防过热起火措施（检测报告体现）。\n工作温度 -10℃~+55℃，工作湿度 10%~90% 86kpa～106kpa\n★需提供检测报告（公沪检，体现具体型号）加盖厂商公章或投标专用章，以便于印证产品参数要求，否则按无效标处理。\n★需提供符合GB/T 28181（国家兼容标准）的检测报告加盖厂商公章或投标专用章，否则按无效标处理。\n★需提供厂家针对此项目授权以及售后服务函原件加盖厂家公章或投标专用章，否则按无效标处理。★为保证与原有安全监控设备无缝连接，本次投标设备需与现有数字监控设备为同一品牌","台",1,12300,12300]
[9,"大屏幕显示系统控制软件","大华","DH-DSCS","大屏幕显示系统控制软件","套",1,1750,1750]
[10,"POE交换机","华为","华为S2700-26TP-PWR-EI","★24个RJ45口,★2千兆SFP,交流供电；★交换容量≥32Gbps，★包转发率≥6.6Mpps。支持8K MAC地址 ；★专用电源一块，500W专用电源一块，最大输出功率370W\n","台",3,3980,11940]
[11,"线缆附件",null,null,"包括DVI/RGB/VIDEO等线缆","套",4,500,2000]
[12,"网线","AMP","安普六类","显示单元底座高度可以根据实际需求进行定制。","箱",12,750,9000]
[13,"施工费","标准",null,"特有弧形结构设计","宗",1,7200,7200]
[14,"合计","大写：",{"$nulls":5},135890]

{"sheet":"Sheet2","index":1,"n_rows":0,"n_cols":0,"rows_kept":0,"flags":["formulas_cached_only"]}

{"sheet":"Sheet3","index":2,"n_rows":0,"n_cols":0,"rows_kept":0,"flags":["formulas_cached_only"]}